000 00513pab a2200181 454500
008 180718b1999 xxu||||| |||| 00| 0 eng d
100 _aAvasthi, G.P.
245 _aAn econometric analysis of recent industrial slow down in India: some policy aspects
260 _c1999
300 _ap.492-98
362 _aDec
650 _aIndustrial development - India
650 _aIndustrial development
700 _aBansal, Sachin
700 _aBhandari, Anand
773 _aAsian Economic Review
909 _a43743
999 _c43743
_d43743